[Event "SR 3. liga A2 2008/2009"]
[Site "?"]
[Date "2008.10.19"]
[Round "1.5"]
[White "Liptak, Dusan"]
[Black "Obdrzalkova, Anitta"]
[Result "0-1"]
[WhiteElo "1927"]
[BlackElo "2005"]
[PlyCount "66"]
[EventDate "2008.??.??"]

1. d4 d5 2. c4 c6 3. Nf3 Nf6 4. e3 e6 5. b3 Nbd7 6. Bb2 Ne4 7. Bd3 Bb4+ 8. Nfd2
f5 9. O-O O-O 10. f3 Nxd2 11. Nxd2 Qc7 12. Qe2 e5 13. e4 dxe4 14. fxe4 f4 15.
Nf3 exd4 16. Bxd4 Bc5 17. Bxc5 Nxc5 18. Bc2 Bg4 19. Qf2 Ne6 20. Rad1 Bxf3 21.
gxf3 Qe5 22. Kh1 Rfd8 23. Bb1 Qc3 24. Rc1 Qd4 25. c5 Qxf2 26. Rxf2 Rd4 27. Kg2
Rad8 28. a3 a5 29. Ba2 Kf7 30. Kf1 Kf6 31. Rfc2 Ng5 32. Ke2 Rd3 33. Rc3 Rd2+
0-1

[Event "SR 3. liga A2 2008/2009"]
[Site "?"]
[Date "2008.10.19"]
[Round "1.6"]
[White "Takacs, Laszlo"]
[Black "Vlkovic, Pavol"]
[Result "1-0"]
[WhiteElo "1726"]
[BlackElo "1934"]
[PlyCount "49"]
[EventDate "2008.??.??"]

1. e4 e5 2. Nf3 Nc6 3. Bc4 Nf6 4. d4 exd4 5. O-O Bc5 6. Re1 d3 7. cxd3 O-O 8.
Nc3 d6 9. h3 Na5 10. Bb5 c6 11. Ba4 b5 12. Bc2 h6 13. d4 Bb6 14. Bd3 Be6 15. b3
Kh8 16. Ba3 Nb7 17. Rc1 a5 18. Bb2 Rc8 19. Be2 Qd7 20. d5 cxd5 21. Bxb5 Qd8 22.
exd5 Bf5 23. Na4 Rxc1 24. Qxc1 Nxd5 25. Qxh6+ 1-0

[Event "SR 3. liga A2 2008/2009"]
[Site "?"]
[Date "2008.10.19"]
[Round "1.7"]
[White "Hornak, Pavol"]
[Black "Kahancova, Jana"]
[Result "1-0"]
[WhiteElo "1743"]
[BlackElo "1605"]
[PlyCount "71"]
[EventDate "2008.??.??"]

1. d4 e6 2. c4 d5 3. Nf3 Nc6 4. e3 Nf6 5. Nc3 Be7 6. a3 O-O 7. Bd3 Bd7 8. O-O
a6 9. Qc2 h6 10. b4 dxc4 11. Bxc4 b5 12. Bd3 Bd6 13. Bb2 Ne7 14. e4 Ne8 15. e5
Bxe5 16. Nxe5 f6 17. Nxd7 Qxd7 18. Rad1 Nc6 19. Ne2 f5 20. Rc1 Ne7 21. g3 Nd5
22. Rfe1 f4 23. Nxf4 Nxf4 24. gxf4 Rxf4 25. Qc6 Qxc6 26. Rxc6 Nd6 27. Rxe6 Ra7
28. Re7 Rf3 29. Be2 Rb3 30. Bc1 Rb1 31. Kg2 Nf5 32. Rexc7 Rxc7 33. Rxc7 Nxd4
34. Bd3 Rb3 35. Bg6 Ne6 36. Bf7+ 1-0

[Event "SR 3. liga A2 2008/2009"]
[Site "?"]
[Date "2008.10.19"]
[Round "1.8"]
[White "Mezei, Tibor"]
[Black "Markuliak, Mario"]
[Result "1-0"]
[WhiteElo "1640"]
[BlackElo "1702"]
[PlyCount "121"]
[EventDate "2008.??.??"]

1. e4 e5 2. Nf3 Nc6 3. Bb5 a6 4. Ba4 Nf6 5. d3 d6 6. h3 Be7 7. Be3 O-O 8. c3
Be6 9. Bc2 Qd7 10. d4 exd4 11. cxd4 d5 12. e5 Bb4+ 13. Nc3 Ne4 14. Bxe4 dxe4
15. Ng5 Bf5 16. f3 exf3 17. Nxf3 Rad8 18. O-O Bxc3 19. bxc3 Qe6 20. Bf4 Na5 21.
Qe2 Qg6 22. Nh4 Bd3 23. Nxg6 Bxe2 24. Nxf8 Bxf1 25. Rxf1 Rxf8 26. Rb1 b5 27. a4
c6 28. axb5 axb5 29. d5 Rb8 30. e6 Rb7 31. Ra1 fxe6 32. Rxa5 cxd5 33. Ra8+ Kf7
34. Rb8 Rxb8 35. Bxb8 Kf6 36. Bd6 Kf5 37. Kf2 Ke4 38. Ke2 e5 39. Bc5 d4 40.
cxd4 exd4 41. Bd6 g6 42. Kd2 Kd5 43. Ba3 Kc4 44. Bb2 b4 45. Ba1 b3 46. Bb2 h6
47. Ba1 h5 48. h4 Kd5 49. Kd3 Ke5 50. Bxd4+ Kf4 51. Bf2 g5 52. Be3+ Kf5 53.
Bxg5 Kg4 54. Kc3 b2 55. Kxb2 Kg3 56. Kc3 Kxg2 57. Kd4 Kf3 58. Ke5 Kg4 59. Kf6
Kh3 60. Kg6 Kg4 61. Kh6 1-0

[Event "SR 3. liga A2 2008/2009"]
[Site "?"]
[Date "2008.10.19"]
[Round "1.1"]
[White "Abel, Peter"]
[Black "Sulek, Viliam"]
[Result "1/2-1/2"]
[WhiteElo "2176"]
[BlackElo "2132"]
[PlyCount "45"]
[EventDate "2008.??.??"]

1. c4 Nf6 2. Nc3 d5 3. cxd5 Nxd5 4. g3 g6 5. Bg2 Nb6 6. Nf3 Bg7 7. d3 Nc6 8.
Bd2 O-O 9. O-O h6 10. Qc1 Kh7 11. Ne4 e5 12. Nc5 Nd7 13. Rb1 Nxc5 14. Qxc5 Nd4
15. Nxd4 exd4 16. Bf4 c6 17. b4 Re8 18. Rb2 g5 19. Bc1 Re5 20. Qc2 a5 21. f4
gxf4 22. Bxf4 Rb5 23. a3 1/2-1/2

[Event "SR 3. liga A2 2008/2009"]
[Site "?"]
[Date "2008.10.19"]
[Round "1.2"]
[White "Kantor, Reka"]
[Black "Mihalik, Marek"]
[Result "0-1"]
[WhiteElo "1903"]
[BlackElo "2098"]
[PlyCount "66"]
[EventDate "2008.??.??"]

1. Nf3 Nf6 2. d4 e6 3. g3 d5 4. Bg2 Be7 5. O-O O-O 6. b3 c6 7. Bb2 Nbd7 8. c4
Ne4 9. Nfd2 f5 10. f3 Nxd2 11. Nxd2 b6 12. e4 fxe4 13. fxe4 Bb7 14. Qg4 Rxf1+
15. Rxf1 Nf8 16. Nf3 b5 17. Ne5 Bf6 18. Ba3 dxc4 19. Bxf8 Qxd4+ 20. Kh1 Qxe5
21. Bd6 Qxd6 22. Rxf6 Re8 23. Qh5 Qe7 24. Rf1 cxb3 25. axb3 e5 26. Bh3 g6 27.
Qe2 a6 28. Rd1 Rd8 29. Rxd8+ Qxd8 30. Qc2 Qd4 31. Bf1 c5 32. Bd3 Kg7 33. Kg2 c4
0-1

[Event "SR 3. liga A2 2008/2009"]
[Site "?"]
[Date "2008.10.19"]
[Round "1.3"]
[White "Manak, Jozef"]
[Black "Szekely, Stefan"]
[Result "1-0"]
[WhiteElo "2009"]
[BlackElo "2038"]
[Annotator ",Jozef"]
[PlyCount "89"]
[EventDate "2008.??.??"]

1. e4 d6 2. d4 Nf6 3. Nc3 g6 4. Bc4 Bg7 5. Qe2 e5 6. dxe5 dxe5 7. Nf3 Bg4 8. h3
Bxf3 9. Qxf3 O-O 10. Bg5 Qd6 11. Rd1 Qc6 12. O-O Qxc4 $11 13. Bxf6 c6 14. Rd3
Na6 15. Rd6 Rae8 16. Rfd1 Nc7 17. Bxg7 Kxg7 18. Rd7 Ne6 19. Rxb7 Nd4 $11 20.
Qd3 Qc5 21. Rd2 a5 22. Ne2 Nb5 23. Rd7 Re6 24. a4 Na7 25. Qc3 Qb6 26. Nf4 Ree8
27. Nd3 Qb8 28. Qc5 Nc8 29. Qxc6 Ne7 30. Qb7 Qxb7 31. Rxb7 Nc6 32. Nc5 Kg8 33.
Rdd7 Rb8 34. c3 Rxb7 35. Rxb7 Rd8 36. b4 axb4 37. cxb4 Rd1+ 38. Kh2 Rd2 39. b5
Nd4 40. a5 h5 41. h4 Rxf2 42. a6 Rf4 43. a7 Ne2 44. a8=Q+ Kg7 45. Ne6+ 1-0

[Event "SR 3. liga A2 2008/2009"]
[Site "?"]
[Date "2008.10.19"]
[Round "1.4"]
[White "Puobis, Jozef"]
[Black "Gono, Michal"]
[Result "1/2-1/2"]
[WhiteElo "2015"]
[BlackElo "1854"]
[Annotator ",Jozef"]
[PlyCount "73"]
[EventDate "2008.??.??"]

1. e4 c6 2. Nf3 d5 3. Nc3 dxe4 4. Nxe4 Nd7 5. Bc4 e6 6. O-O Ngf6 7. d3 Be7 8.
Qe2 O-O 9. Bf4 Nb6 10. Bb3 Nbd5 11. Nxf6+ Bxf6 12. Be5 Bxe5 13. Qxe5 Qf6 14.
Qxf6 Nxf6 15. Rfe1 b6 16. d4 Bb7 17. Ne5 Rad8 18. Rad1 Rfe8 19. c3 Nd7 20. Nxd7
Rxd7 21. Re5 Rd6 22. Rde1 Rc8 23. f4 g6 24. g4 c5 25. f5 gxf5 26. gxf5 exf5 27.
Bxf7+ Kxf7 28. Re7+ Kf6 29. Rxb7 cxd4 30. cxd4 Rxd4 31. Re2 Rg4+ 32. Kf2 Rh4
33. Kg3 Rcc4 34. h3 f4+ 35. Kg2 Ra4 36. Rbe7 Ra5 37. R2e6+ $11 1/2-1/2

[Event "SR 3. liga A2 2008/2009"]
[Site "?"]
[Date "2008.10.19"]
[Round "1.5"]
[White "Mihalik, Anton"]
[Black "Kubica, Adrian"]
[Result "1-0"]
[WhiteElo "1959"]
[BlackElo "1927"]
[PlyCount "91"]
[EventDate "2008.??.??"]

1. e4 e5 2. Nf3 Nf6 3. Nxe5 d6 4. Nf3 Nxe4 5. Bc4 d5 6. Bb3 Be7 7. c3 O-O 8.
O-O Bg4 9. h3 Bh5 10. d3 Nc5 11. Bc2 Nc6 12. Re1 Re8 13. d4 Ne6 14. Be3 Bd6 15.
Nbd2 Nf4 16. Bxf4 Bxf4 17. Rxe8+ Qxe8 18. Qf1 Bxd2 19. Nxd2 Be2 20. Qb1 Kf8 21.
Bd3 g6 22. Qc2 Bxd3 23. Qxd3 a6 24. Nf3 Qe4 25. Qxe4 dxe4 26. Ng5 f5 27. Nxh7+
Kg7 28. Ng5 Kf6 29. h4 Rd8 30. Nh3 Ne7 31. Nf4 Nd5 32. Nxd5+ Rxd5 33. g3 b5 34.
Kf1 Rd8 35. Ke2 c6 36. Ke3 a5 37. a4 Rb8 38. b4 axb4 39. cxb4 bxa4 40. Rxa4 Ke6
41. Kd2 Kd5 42. Kc3 Rb7 43. Ra5+ Rb5 44. Ra8 Ke6 45. Kc4 Rd5 46. Rg8 1-0

[Event "SR 3. liga A2 2008/2009"]
[Site "?"]
[Date "2008.10.19"]
[Round "1.6"]
[White "Kosar, Mikulas ml"]
[Black "Curidlo, Jan"]
[Result "1/2-1/2"]
[WhiteElo "1891"]
[BlackElo "1979"]
[PlyCount "99"]
[EventDate "2008.??.??"]

1. e4 c5 2. d4 cxd4 3. Qxd4 Nc6 4. Qd3 Nf6 5. Nc3 a6 6. Bg5 h6 7. Bxf6 exf6 8.
Nf3 Bc5 9. Nd5 d6 10. Be2 O-O 11. Nd2 b5 12. Qg3 Nd4 13. Bd3 Ne6 14. f4 Bb7 15.
Ne3 Bxe3 16. Qxe3 Nc5 17. O-O Re8 18. Qd4 Qc7 19. Rae1 Rad8 20. Kh1 Re7 21. Rf3
d5 22. Rg3 Nd7 23. e5 fxe5 24. fxe5 Rxe5 25. Rf1 Rg5 26. Rxg5 hxg5 27. Qg4 Ne5
28. Qh5 Nxd3 29. cxd3 f6 30. Qg6 Qf7 31. Qf5 Bc8 32. Qf2 Re8 33. Qd4 Qe6 34.
Rc1 Qe1+ 35. Rxe1 Rxe1+ 36. Qg1 Rxg1+ 37. Kxg1 Bf5 38. d4 Bc2 39. b4 Kf7 40.
Nf3 Ke6 41. Kf2 g4 42. Nd2 g5 43. g3 f5 44. Ke3 Kf6 45. Nf1 Bb1 46. a3 Ba2 47.
Nd2 Ke6 48. Nf1 Bc4 49. Nd2 Kf6 50. Nb1 1/2-1/2

[Event "SR 3. liga A2 2008/2009"]
[Site "?"]
[Date "2008.10.19"]
[Round "1.7"]
[White "Bincik, Pavol"]
[Black "Bott, Tamas"]
[Result "1/2-1/2"]
[WhiteElo "1890"]
[BlackElo "1807"]
[PlyCount "79"]
[EventDate "2008.??.??"]

1. d4 Nf6 2. c4 e5 3. d5 Bc5 4. Nc3 Ng4 5. e3 d6 6. h3 Nf6 7. Nf3 O-O 8. Be2
Re8 9. a3 a6 10. b4 Ba7 11. O-O h6 12. Qc2 e4 13. Nd4 Bxd4 14. exd4 Bf5 15. Be3
Qd7 16. Rfd1 Qc8 17. a4 Nbd7 18. b5 Nf8 19. Kh2 N8h7 20. Qd2 Kh8 21. c5 Qd8 22.
c6 bxc6 23. dxc6 axb5 24. Bxb5 d5 25. a5 Re6 26. a6 Ng5 27. Bxg5 hxg5 28. Ne2
Qd6+ 29. Ng3 e3 30. fxe3 Ne4 31. Qe1 Rh6 32. Bd3 g4 33. Bxe4 Bxe4 34. h4 Rxh4+
35. Kg1 g5 36. Rdc1 Kg7 37. a7 Rah8 38. Nxe4 dxe4 39. Kf2 Rh2 40. Qf1 1/2-1/2

[Event "SR 3. liga A2 2008/2009"]
[Site "?"]
[Date "2008.10.19"]
[Round "1.8"]
[White "Kosar, Mikulas st"]
[Black "Slaby, Jozef"]
[Result "0-1"]
[WhiteElo "1862"]
[BlackElo "1930"]
[PlyCount "20"]
[EventDate "2008.??.??"]

1. e4 e6 2. d4 d5 3. e5 c5 4. Bb5+ Bd7 5. Bxd7+ Nxd7 6. c3 Ne7 7. Nf3 Nf5 8.
Na3 cxd4 9. cxd4 Qa5+ 10. Qd2 Bb4 0-1

[Event "SR 3. liga A2 2008/2009"]
[Site "?"]
[Date "2008.10.19"]
[Round "1.1"]
[White "Peska, Juraj"]
[Black "Kapusta, Petr"]
[Result "0-1"]
[WhiteElo "1960"]
[BlackElo "2084"]
[PlyCount "68"]
[EventDate "2008.??.??"]

1. c4 Nf6 2. Nc3 g6 3. g3 Bg7 4. Bg2 O-O 5. Nf3 d6 6. O-O e5 7. d3 c6 8. Bd2
Nbd7 9. Qc1 a5 10. Bh6 Nc5 11. Bxg7 Kxg7 12. Qc2 Qe7 13. a3 a4 14. Nd2 h5 15.
b3 axb3 16. Nxb3 Ne6 17. a4 h4 18. a5 hxg3 19. hxg3 Ng4 20. Bf3 Ng5 21. Nd2
Nh3+ 22. Kg2 Nhxf2 23. Qb2 Qg5 24. Rxf2 Ne3+ 25. Kg1 Qxg3+ 26. Bg2 Rh8 27. Nf1
Rh1+ 28. Kxh1 Qxf2 29. Nxe3 Be6 30. Nf1 Rh8+ 31. Nh2 Qg3 32. Kg1 Rxh2 33. e3
Bh3 34. Ra2 Rxg2+ 0-1

[Event "SR 3. liga A2 2008/2009"]
[Site "?"]
[Date "2008.10.19"]
[Round "1.2"]
[White "Kubis, Ivan"]
[Black "Gajarsky, Roman"]
[Result "1-0"]
[WhiteElo "2042"]
[BlackElo "1943"]
[Annotator ",Jozef"]
[PlyCount "79"]
[EventDate "2008.??.??"]

1. e4 e6 2. d4 d5 3. Nc3 dxe4 4. Nxe4 f5 5. Ng3 c5 6. Be3 cxd4 7. Bxd4 Nf6 8.
Nf3 Nc6 9. Bc4 Bd6 10. Bc3 h6 11. Qe2 Bxg3 12. hxg3 O-O 13. Rd1 Qe7 14. Nh4 Kh7
15. Bd3 Bd7 $11 16. g4 Nd5 17. gxf5 exf5 18. Qxe7 Ndxe7 19. Bc4 Rad8 20. O-O
Bc8 21. Nf3 Ng6 22. b4 a6 23. a4 Rfe8 24. b5 axb5 25. axb5 Nb8 26. g3 Nd7 27.
Bb3 Nc5 28. Bf7 Rxd1 29. Rxd1 Re2 30. Rd8 Ne7 31. Nd4 Re4 32. f3 Re3 33. Bd2
Re5 34. Bf4 Nd7 35. Bxe5 Nxe5 36. Bb3 g5 37. Re8 N5g6 38. Bf7 Bd7 39. Bxg6+
Nxg6 40. Rb8 1-0

[Event "SR 3. liga A2 2008/2009"]
[Site "?"]
[Date "2008.10.19"]
[Round "1.3"]
[White "Kollarik, Gorazd"]
[Black "Vepy, Ivan"]
[Result "1/2-1/2"]
[WhiteElo "1941"]
[BlackElo "1941"]
[Annotator ",Jozef"]
[PlyCount "33"]
[EventDate "2008.??.??"]

1. e4 e5 2. Nf3 d6 3. Bc4 Be7 4. O-O Nf6 5. d3 Bg4 6. Be3 Nc6 7. c3 O-O 8. Nbd2
Qd7 9. Qc2 Na5 10. Bb3 Nxb3 11. Qxb3 c6 12. c4 h6 13. a4 Nh7 14. c5 Be6 15. Qc3
f6 16. b4 Ng5 17. Nxg5 $11 1/2-1/2

[Event "SR 3. liga A2 2008/2009"]
[Site "?"]
[Date "2008.10.19"]
[Round "1.4"]
[White "Vach, Jozef"]
[Black "Slamena, Michal"]
[Result "0-1"]
[WhiteElo "1917"]
[BlackElo "1944"]
[PlyCount "114"]
[EventDate "2008.??.??"]

1. e4 d6 2. d4 Nf6 3. f3 g6 4. Be3 Bg7 5. Nc3 a6 6. Qd2 h5 7. O-O-O b5 8. a3
Bb7 9. Bd3 Nbd7 10. Qf2 e5 11. Nge2 Qe7 12. d5 c5 13. dxc6 Bxc6 14. h3 Nc5 15.
Nd5 Bxd5 16. exd5 e4 17. fxe4 Ncxe4 18. Qf3 Rc8 19. Bxe4 Nxe4 20. Nd4 Qe5 21.
Rhe1 f5 22. g4 hxg4 23. hxg4 Rh2 24. Re2 Rxe2 25. Qxe2 Qxd5 26. Kb1 Qf7 27.
gxf5 gxf5 28. Rf1 Ng3 29. Nxf5 Qxf5 30. Qf2 Qxf2 31. Rxf2 Ne4 32. Re2 Kd7 33.
Bf4 d5 34. Rg2 Bf6 35. Ka2 Ke6 36. Kb3 Rc4 37. Bc1 a5 38. Ka2 a4 39. Bh6 b4 40.
Bf8 bxa3 41. Kxa3 Kf5 42. b3 Rc8 43. Bb4 axb3 44. Kxb3 Kf4 45. Rh2 Rb8 46. Ka3
Ke3 47. Rh7 Bb2+ 48. Kxb2 Rxb4+ 49. Kc1 Rb8 50. Rh3+ Kd4 51. Rd3+ Kc4 52. Rh3
Rg8 53. Kb2 d4 54. Rh4 Nc3 55. Rh3 Rb8+ 56. Ka3 Nd1 57. Ka2 Rb2+ 0-1

[Event "SR 3. liga A2 2008/2009"]
[Site "?"]
[Date "2008.10.19"]
[Round "1.5"]
[White "Racik, Marek"]
[Black "Hrubsa, Marian"]
[Result "0-1"]
[WhiteElo "1932"]
[BlackElo "1909"]
[PlyCount "86"]
[EventDate "2008.??.??"]

1. Nf3 d5 2. g3 c5 3. Bg2 Nc6 4. c4 d4 5. O-O e5 6. d3 Nf6 7. Bg5 Be7 8. Nbd2
O-O 9. a3 Nd7 10. Bxe7 Qxe7 11. e4 Nf6 12. h3 h6 13. Rb1 a5 14. Nh4 g6 15. f4
exf4 16. Rxf4 Nh5 17. Rf3 Ne5 18. Rf2 Nxg3 19. Nhf3 Nxd3 20. Re2 Nxe2+ 21. Qxe2
Nf4 22. Qf1 d3 23. Rd1 Ne2+ 24. Kh2 Qf6 25. Qf2 Qf4+ 26. Kh1 b6 27. Nf1 Bb7 28.
Rxd3 Nd4 29. Ng3 Rfe8 30. Re3 Rad8 31. Kg1 Nc2 32. Re2 Rd1+ 33. Nf1 Nd4 34.
Nxd4 Qxf2+ 35. Kxf2 Rxd4 36. b3 Rd3 37. Nd2 Red8 38. Ke1 Bc8 39. h4 Bg4 40. Rf2
Rc3 41. Bf3 Rc1+ 42. Ke2 Rc2 43. Bxg4 Rdxd2+ 0-1

[Event "SR 3. liga A2 2008/2009"]
[Site "?"]
[Date "2008.10.19"]
[Round "1.6"]
[White "Brisudova, Veronika"]
[Black "Slamka, Michal"]
[Result "1/2-1/2"]
[WhiteElo "1777"]
[BlackElo "1734"]
[Annotator ",Jozef"]
[PlyCount "94"]
[EventDate "2008.??.??"]

1. e4 c5 2. Nf3 Nc6 3. d4 cxd4 4. Nxd4 g6 5. c4 Bg7 6. Be3 d6 7. Nc3 Nf6 8. Be2
O-O 9. O-O Bd7 10. Qd2 Ng4 11. Nxc6 bxc6 12. Bf4 Qa5 13. h3 Nf6 14. Rad1 Be6
15. Bh6 Rfd8 16. Bxg7 Kxg7 17. Kh1 Rab8 18. f4 Qb4 19. b3 Bc8 20. e5 Ne8 21.
Qe3 Qb6 22. Qg3 dxe5 23. Rxd8 Qxd8 24. fxe5 Be6 25. Ne4 f6 26. Nc5 Nc7 27. Rd1
Qc8 28. Bf3 f5 29. Qg5 Qf8 30. Bxc6 h6 31. Qd2 Qf7 32. Qa5 Rb6 33. Nxe6+ Qxe6
34. Bd7 Qg8 35. Qxa7 Qb8 36. Qa3 Kf8 37. Qc1 Kg7 38. c5 Ra6 39. Qb2 Ne6 40. c6
Nc5 41. e6+ Kh7 42. Qc2 Qe5 43. b4 Ne4 44. Kg1 Ra7 45. b5 Qxb5 46. a4 Qe5 47.
Rb1 Qd4+ $11 1/2-1/2

[Event "SR 3. liga A2 2008/2009"]
[Site "?"]
[Date "2008.10.19"]
[Round "1.7"]
[White "Barca, Michal"]
[Black "Harasta, Juraj"]
[Result "1-0"]
[WhiteElo "1783"]
[BlackElo "1628"]
[PlyCount "53"]
[EventDate "2008.??.??"]

1. c4 c5 2. Nc3 Nc6 3. Nf3 g6 4. g3 Bg7 5. Bg2 Nf6 6. d4 cxd4 7. Nxd4 O-O 8.
O-O Qb6 9. Nf3 d6 10. Be3 Qc7 11. Rc1 Be6 12. Nd5 Qd7 13. a3 Rac8 14. Rc2 Ne5
15. c5 Qa4 16. Nxe7+ Kh8 17. Nd4 Rxc5 18. Rxc5 Qxd1 19. Rxd1 dxc5 20. Nxe6 fxe6
21. Bxc5 b6 22. Bb4 Re8 23. Nc6 a5 24. Nxe5 axb4 25. axb4 Rc8 26. f4 Ng8 27.
Nf7# 1-0

[Event "SR 3. liga A2 2008/2009"]
[Site "?"]
[Date "2008.10.19"]
[Round "1.8"]
[White "Kubik, Peter"]
[Black "Majtan, Martin"]
[Result "1-0"]
[WhiteElo "1491"]
[BlackElo "1572"]
[PlyCount "75"]
[EventDate "2008.??.??"]

1. e4 e6 2. d4 d5 3. e5 c5 4. Nf3 Nc6 5. Bb5 Qb6 6. Nc3 Bd7 7. Be3 Rc8 8. Rb1
a6 9. Be2 f6 10. exf6 Nxf6 11. O-O c4 12. Ne5 Bd6 13. Bh5+ Ke7 14. Nf7 Rhf8 15.
Nxd6 Kxd6 16. Na4 Qa7 17. c3 Nd8 18. Bf3 Nf7 19. Nc5 Ke7 20. b3 b6 21. Nxd7
Kxd7 22. Qd2 Nd6 23. Bg5 Nfe4 24. Bxe4 Nxe4 25. Qe3 Qc7 26. Bh4 cxb3 27. Rxb3
Nxc3 28. Re1 Rfe8 29. Bg3 Qc4 30. Rxb6 Ne2+ 31. Rxe2 Rc6 32. Rb7+ Kc8 33. Rxg7
e5 34. h3 e4 35. Qg5 Rce6 36. Re1 Qxa2 37. Rc7+ Kb8 38. Rc2+ 1-0

[Event "SR 3. liga A2 2008/2009"]
[Site "?"]
[Date "2008.10.19"]
[Round "1.1"]
[White "Halas, Miroslav"]
[Black "Hecko, Dusan"]
[Result "0-1"]
[WhiteElo "1939"]
[BlackElo "2160"]
[PlyCount "72"]
[EventDate "2008.??.??"]

1. e4 Nf6 2. Nc3 d5 3. exd5 Nxd5 4. d4 Bf5 5. Bc4 c6 6. Nge2 e6 7. a3 Bd6 8.
O-O O-O 9. Ng3 Bg6 10. Bd3 Bxd3 11. Qxd3 Nxc3 12. bxc3 Nd7 13. Ne4 Be7 14. Bf4
Nf6 15. Rfe1 Rc8 16. c4 c5 17. c3 Qd7 18. Rad1 cxd4 19. cxd4 Qa4 20. Nd6 Rc6
21. c5 b6 22. Rc1 bxc5 23. dxc5 Qxf4 24. g3 Qa4 25. Rc4 Qa6 26. Qb3 Bxd6 27.
Ra4 Qc8 28. cxd6 Rxd6 29. Rxa7 h6 30. Qb5 Qc3 31. Re3 Rd1+ 32. Kg2 Qd4 33. Qb7
Qc4 34. Qa6 Qd5+ 35. Kh3 Ne4 36. f4 Nf2+ 0-1

[Event "SR 3. liga A2 2008/2009"]
[Site "?"]
[Date "2008.10.19"]
[Round "1.2"]
[White "Diviak, Rastislav"]
[Black "Klanica, Anton"]
[Result "1/2-1/2"]
[WhiteElo "2022"]
[BlackElo "1956"]
[Annotator ",Jozef"]
[PlyCount "65"]
[EventDate "2008.??.??"]

1. e4 e6 2. d4 d5 3. Nd2 Nf6 4. e5 Nfd7 5. Bd3 c5 6. c3 Qb6 7. Ne2 cxd4 8. cxd4
Nc6 9. Nf3 Bb4+ 10. Bd2 Bxd2+ 11. Qxd2 Qb4 $11 12. O-O Qxd2 13. Nxd2 Nb4 14.
Bb1 Nb6 15. a3 Nc6 16. Bd3 Bd7 17. Rac1 Rc8 18. b4 O-O 19. Nb3 Rfd8 20. Nc5 Rb8
21. Rc2 Kf8 22. Rfc1 h6 23. f4 Ke7 24. Nxd7 Kxd7 25. Bb5 Rbc8 26. Bxc6+ Rxc6
27. Rxc6 bxc6 28. Rc3 Rb8 29. Nc1 Nc4 $11 30. Nd3 Rb6 31. Kf2 Ke7 32. Nc5 Rb5
33. Ke2 $11 1/2-1/2

[Event "SR 3. liga A2 2008/2009"]
[Site "?"]
[Date "2008.10.19"]
[Round "1.3"]
[White "Hagara, Vladimir"]
[Black "Hanzluvka, Peter"]
[Result "1-0"]
[WhiteElo "1969"]
[BlackElo "2038"]
[Annotator ",Jozef"]
[PlyCount "95"]
[EventDate "2008.??.??"]

1. c4 c5 2. Nc3 Nc6 3. g3 Nf6 4. Bg2 g6 5. e3 Bg7 6. Nge2 d6 7. O-O O-O 8. d4
cxd4 9. Nxd4 Nxd4 10. exd4 Qc7 11. b3 Bd7 12. Bb2 a6 13. Qd2 Rac8 14. Rfd1 Bc6
15. Bh3 Bd7 16. Bg2 h5 17. h4 $11 Kh7 18. Nd5 Nxd5 19. Bxd5 Bc6 20. Bxc6 Qxc6
21. d5 Qc5 22. Bxg7 Kxg7 23. Qb2+ Kh7 24. Rac1 b5 25. cxb5 Qxb5 26. Qd2 Rfd8
27. Rc2 Rxc2 28. Qxc2 Qc5 29. Qe2 Qa7 30. Rc1 Qb7 31. Qc4 Kg7 32. Qc6 Rd7 33.
Rc4 Qxc6 34. dxc6 Rc7 35. b4 Kf6 36. a4 Ke5 37. b5 axb5 38. axb5 Kd5 39. Rc1 e5
40. f3 f6 41. Kf2 g5 42. Ke3 gxh4 43. gxh4 f5 44. f4 e4 45. Rc2 Ke6 46. b6 Rc8
47. b7 Kd5 48. c7 1-0

[Event "SR 3. liga A2 2008/2009"]
[Site "?"]
[Date "2008.10.19"]
[Round "1.4"]
[White "Blazkova, Barbora"]
[Black "Bahna, Jan"]
[Result "0-1"]
[WhiteElo "1898"]
[BlackElo "1935"]
[PlyCount "74"]
[EventDate "2008.??.??"]

1. d4 d5 2. c4 e6 3. Nc3 Nf6 4. e3 Be7 5. Nf3 O-O 6. Bd3 a6 7. cxd5 exd5 8. O-O
c6 9. Qc2 h6 10. e4 dxe4 11. Nxe4 Nbd7 12. Nc3 Nb6 13. h3 Nbd5 14. Nxd5 Nxd5
15. Ne5 Bf6 16. Bd2 Qb6 17. Rfe1 Be6 18. Bc3 Nb4 19. Bxb4 Qxb4 20. Qc3 Qd6 21.
a3 Rfd8 22. Re4 Bxe5 23. Rxe5 Qxd4 24. Qxd4 Rxd4 25. Bf5 Rd5 26. Rxd5 Bxd5 27.
Re1 Kf8 28. Kh2 a5 29. Bd3 Re8 30. Rc1 Ke7 31. h4 Kd6 32. g3 Re5 33. Kg1 g6 34.
Kf1 f5 35. Rd1 Kc7 36. f4 Re3 37. Kf2 Rf3+ 0-1

[Event "SR 3. liga A2 2008/2009"]
[Site "?"]
[Date "2008.10.19"]
[Round "1.5"]
[White "Holicky, Miroslav"]
[Black "Danada, Ondrej"]
[Result "0-1"]
[WhiteElo "1872"]
[BlackElo "1891"]
[Annotator ",Jozef"]
[PlyCount "112"]
[EventDate "2008.??.??"]

1. e4 c6 2. d4 d5 3. Nd2 dxe4 4. Nxe4 Bf5 5. Ng3 Bg6 6. Bc4 e6 7. N1e2 Nf6 8.
Nf4 Nbd7 9. O-O Nd5 10. c3 Bd6 11. Nxd5 cxd5 12. Bb5 a6 13. Ba4 b5 14. Bb3 Nb6
15. a4 b4 16. a5 Nc4 17. Ba4+ Ke7 18. h4 bxc3 19. bxc3 h6 20. h5 Bh7 21. Qg4
Qc7 22. Re1 Kf8 23. Qf3 Bxg3 24. fxg3 Be4 25. Qf2 Qxa5 26. Ba3+ Nxa3 27. Rxa3
Qc7 28. Rf1 f6 29. Bb5 Kf7 30. Be2 Rhb8 31. Bxa6 Bd3 32. Rfa1 Bxa6 33. Rxa6
Rxa6 34. Rxa6 Qxc3 35. Ra7+ Kg8 36. Kh2 Rb2 37. Qf4 Qc2 38. Qf3 Qf2 39. Kh3
Qxf3 40. gxf3 Rd2 41. Ra4 e5 42. dxe5 fxe5 43. Kg4 $11 Rd3 44. Rb4 d4 45. Rb1
Re3 46. Rd1 Kf7 47. f4 Ke6 48. fxe5 Kxe5 49. Ra1 d3 50. Ra5+ Kd4 51. Ra4+ Kc3
52. Ra3+ Kc2 53. Ra2+ Kd1 54. Kf4 Re7 55. Kf3 d2 56. Ra6 Ke1 0-1

[Event "SR 3. liga A2 2008/2009"]
[Site "?"]
[Date "2008.10.19"]
[Round "1.6"]
[White "Pagerka, Slavomir"]
[Black "Svoboda, Adam"]
[Result "0-1"]
[WhiteElo "1848"]
[BlackElo "1815"]
[PlyCount "86"]
[EventDate "2008.??.??"]

1. e4 e6 2. d4 d5 3. exd5 exd5 4. Nf3 Nf6 5. Bg5 Bd6 6. Bd3 O-O 7. O-O c6 8. c3
Bg4 9. Nbd2 Nbd7 10. Qc2 h6 11. Bh4 Qc7 12. h3 Be6 13. Bf5 Rae8 14. Rae1 Bxf5
15. Qxf5 g6 16. Qc2 Nh7 17. c4 g5 18. Bg3 Bxg3 19. fxg3 Qxg3 20. Qf5 Ndf6 21.
Ne5 Nh5 22. Rf2 Ng7 23. Qd7 f6 24. Nf1 Qh4 25. g3 Qxd4 26. Nf3 Qxc4 27. b3 Qc5
28. Rxe8 Rxe8 29. Kg2 Re7 30. Qd8+ Nf8 31. N3d2 Kf7 32. Nh2 Nge6 33. Qb8 h5 34.
Nhf3 Kg7 35. Ne1 h4 36. Nef3 Nd7 37. Qxb7 hxg3 38. Kxg3 Qd6+ 39. Kg2 Nf4+ 40.
Kf1 Ne5 41. Qa6 Nxf3 42. Rxf3 Qc5 43. h4 Qc1+ 0-1

[Event "SR 3. liga A2 2008/2009"]
[Site "?"]
[Date "2008.10.19"]
[Round "1.7"]
[White "Puskas, Miroslav"]
[Black "Skapik, Branislav"]
[Result "1/2-1/2"]
[WhiteElo "2001"]
[BlackElo "1823"]
[Annotator ",Jozef"]
[PlyCount "128"]
[EventDate "2008.??.??"]

1. e4 e5 2. Nf3 Nc6 3. d4 exd4 4. Bc4 Bc5 5. c3 Qe7 6. O-O d3 7. Bxd3 d6 8. Bg5
f6 9. Bh4 Bg4 10. h3 Bxf3 11. Qxf3 Ne5 12. Qe2 Nxd3 13. Qxd3 O-O-O 14. b4 Bb6
15. a4 a6 16. a5 Ba7 17. Na3 Qe6 18. b5 d5 19. exd5 Qxd5 20. Qb1 Ne7 21. c4 Qd6
22. b6 cxb6 23. Bg3 Qc5 24. Nb5 axb5 25. cxb5 Kd7 26. Rc1 Qg5 27. Rc7+ Ke8 28.
Qb4 f5 29. Re1 Rd7 30. Rxd7 Kxd7 31. Qd6+ Ke8 32. axb6 Bxb6 33. Qxb6 f4 34. Bh2
f3 35. g3 Qd2 36. Qe6 Qd7 37. Qe5 Kf8 38. g4 Ng6 39. Qe4 Qxb5 40. Qxf3+ Kg8 41.
Bd6 h5 $11 42. Qe4 Kh7 43. Rb1 Qc6 44. Qxc6 bxc6 45. gxh5 Nh4 46. Rc1 Rc8 47.
Rc5 Nf3+ 48. Kg2 Nd2 $11 49. Bf4 Ne4 50. Rc4 Nf6 51. Be3 Nxh5 52. Rh4 Kg6 53.
Rg4+ Kf7 54. Rg5 g6 55. h4 Ng7 56. Ra5 Nf5 57. h5 Nxe3+ 58. fxe3 gxh5 59. Rxh5
c5 60. Kf1 Ke6 61. Ke2 Kd6 62. Kd3 Ra8 63. Rh6+ Kd5 64. e4+ Ke5 1/2-1/2